000 00454nam a2200181Ia 4500
001 14982
005 20260306164954.0
008 260306t2008||||xx |||||||||||||| ||spa||
041 _aESP
082 _a519.53
_bL54
100 _aLévy Mangin, Jean-Pierre
_eAUT
245 0 _aAnálisis multivariable para las ciencias sociales
260 _c2008
300 _a896 páginas :
_c24 cm.
650 _aGEN
654 _aCMA
942 _cLIB
_dJUS
_fJUS
_2ddc
_n
999 _c14982
_d14982